000 00635nam a2200157Ia 4500
005 20250424120327.0
008 250424s9999 xx 000 0 und d
022 _a19441134
050 _aTK 5105.5 .I62725/
245 4 _aThe internet protocol journal
260 _bCisco Systems, Inc.
260 _c2002
300 _avol. , 39 p. ; 28 cm.
650 _aElectrical and Electronic Engineering--Periodicals. Computer networks--Periodicals. Computer network protocols--Periodicals. Internet software industry--Periodicals. Internetworking (Telecommunication)--Periodicals. Intranets (Computer networks)--Periodicals.
942 _cSR
999 _c38682
_d38682